| 000 | 00814nam a22002057a 4500 | ||
|---|---|---|---|
| 999 |
_c12269 _d12269 |
||
| 003 | AR-CdUCM | ||
| 008 | 190408b ||||| |||| 00| 0 spa d | ||
| 040 |
_aMUNICIPALIDAD PROVINCIAL DEL CUSCO _cBIBLIOTECA MUNICIPAL DEL CUSCO |
||
| 082 |
_a342 / _bB84 / 1938 |
||
| 100 |
_aBrown Scott, James _930034 |
||
| 245 |
_aConferencias del presidente del instituto americano de derecho internacional Dr. James Brown Scott : _bPreparadas en homenaje a la Universidad Mayor de San Marcos / |
||
| 260 |
_aLima : _c1938. |
||
| 300 |
_a178 páginas ; _c23 cm. |
||
| 505 | _aContenido: Conferencias del Dr. en derecho internacional James Brown Scott. | ||
| 650 |
_aConferencias en derecho _930035 |
||
| 650 |
_aDerecho internacional _95497 |
||
| 650 |
_aSan Marcos _93584 |
||
| 942 |
_2ddc _cLIBROS |
||
| 945 |
_adavv _d08/0402019 |
||